[Event "Ceriano Laghetto op-C 23rd"]
[Site "Ceriano Laghetto"]
[Date "2014.03.14"]
[Round "1"]
[White "Cazzola, Franco"]
[Black "Aldeghi, Damiano"]
[Result "0-1"]
[WhiteElo "1595"]
[BlackElo "1481"]
[PlyCount "78"]
[EventDate "2014.03.14"]
[EventType "swiss"]
[EventRounds "5"]
[EventCountry "ITA"]
[SourceTitle "EXT 2024"]
[Source "ChessBase"]
[SourceDate "2023.10.10"]
[SourceVersion "1"]
[SourceVersionDate "2023.10.10"]
[SourceQuality "1"]

1. d4 d5 2. Nf3 Nf6 3. Bf4 e6 4. e3 Bd6 5. Bg5 h6 6. Bh4 0-0 7. Bd3 c5 8. c3 c4 9. Bc2 Re8 10. 0-0 Be7 11. Nbd2 Nfd7 12. Bg3 Bf6 13. e4 dxe4 14. Bxe4 e5 15. dxe5 Bxe5 16. Bd5 Bxg3 17. hxg3 Nb6 18. Bxc4 Nxc4 19. Nxc4 Qf6 20. Qd4 Qc6 21. Nfe5 Qf6 22. Rfe1 Rd8 23. Qf4 Qxf4 24. gxf4 Be6 25. a3 Na6 26. Ne3 Bb3 27. Re2 Nc5 28. f3 f6 29. N5c4 Re8 30. Nd2 Ba4 31. Rb1 Bc2 32. Rc1 Bd3 33. Ree1 Rad8 34. Kf2 Ba6 35. Ne4 Nd3+ 36. Kg3 Nxc1 37. Rxc1 f5 38. Nc5 Rxe3 39. Nxa6 bxa6 0-1